[Event "XI Weekend B"]
[Site "Gorgonzola ITA"]
[Date "2006.11.18"]
[Round "4"]
[White "Santandrea, Marco"]
[Black "Oteri, Aldo"]
[Result "1/2-1/2"]
[WhiteElo "1829"]
[BlackElo "1954"]
[PlyCount "65"]
[EventDate "2006.11.11"]

1. e4 e6 2. d4 d5 3. Nd2 Be7 4. Bd3 c5 5. exd5 exd5 6. dxc5 Bxc5 7. Ngf3 Nf6 8.
O-O O-O 9. Nb3 Bb6 10. Bf4 Nc6 11. c3 Bg4 12. Bc2 Ne4 13. Bxe4 dxe4 14. Qxd8
Raxd8 15. Ne5 Nxe5 16. Bxe5 e3 17. Bd4 e2 18. Rfe1 Rfe8 19. Bxb6 axb6 20. Nd4
Bh5 21. f3 Bg6 22. Nxe2 Rd2 23. Nd4 Rd8 24. Re2 Rxe2 25. Nxe2 Rd2 26. Nd4 Rxb2
27. Re1 Kf8 28. Re2 Rb1+ 29. Kf2 Bd3 30. Rd2 Bc4 31. Nf5 f6 32. Nd6 Ba6 33. Ke3
1/2-1/2

[Event "XI Weekend B"]
[Site "Gorgonzola ITA"]
[Date "2006.11.18"]
[Round "4"]
[White "Villalba, Fernando"]
[Black "Lanni, Vincenzo"]
[Result "1-0"]
[WhiteElo "1911"]
[BlackElo "1784"]
[PlyCount "57"]
[EventDate "2006.11.11"]

1. e4 g6 2. d4 Bg7 3. Nc3 d6 4. Be3 Nf6 5. Qd2 O-O 6. f3 c6 7. O-O-O b5 8. g4
Nbd7 9. h4 h5 10. gxh5 Nxh5 11. Bh6 Qa5 12. Bxg7 Kxg7 13. Kb1 b4 14. Nce2 Ndf6
15. Nh3 e5 16. Rg1 c5 17. d5 Qc7 18. f4 Nxe4 19. Qe3 Bf5 20. Ng5 Nxg5 21. Rxg5
exf4 22. Nxf4 Nxf4 23. Qxf4 Qd7 24. h5 Rh8 25. Be2 f6 26. Rg3 Rae8 27. Bb5 Qxb5
28. Qxf5 g5 29. Qg6+ 1-0

[Event "XI Weekend B"]
[Site "Gorgonzola ITA"]
[Date "2006.11.18"]
[Round "4"]
[White "Virzi, Ettore"]
[Black "Scarpellini, Felice"]
[Result "1/2-1/2"]
[WhiteElo "1967"]
[BlackElo "1887"]
[PlyCount "109"]
[EventDate "2006.11.11"]

1. e4 d6 2. d4 g6 3. Nc3 Bg7 4. Be3 a6 5. Qd2 b5 6. O-O-O Bb7 7. f3 Nd7 8. Kb1
Rc8 9. d5 c5 10. dxc6 Bxc6 11. Nd5 Ngf6 12. Nxf6+ Nxf6 13. g4 Nxg4 14. fxg4
Bxe4 15. Bg2 Bxc2+ 16. Qxc2 Rxc2 17. Kxc2 O-O 18. h3 Qa5 19. Kb1 Qb4 20. Rd2
Bxb2 21. Rxb2 Qe1+ 22. Bc1 Rc8 23. Ne2 Qf2 24. Bb7 Rb8 25. Nf4 Qd4 26. Bg2 e5
27. Nd5 Kg7 28. Rd2 Qc5 29. Rc2 Qd4 30. Bb2 Qd3 31. Kc1 b4 32. Rd1 Qb5 33. Kb1
b3 34. Rcd2 bxa2+ 35. Ka1 a5 36. Nc3 Qb4 37. Nxa2 Qb6 38. Ba3 Qe3 39. Bxd6 Rd8
40. Rd3 Qe2 41. R3d2 Qe3 42. Kb1 Qb3+ 43. Ka1 Qe3 44. Bc5 Qxd2 45. Rxd2 Rxd2
46. Be4 Rh2 47. Bd6 f6 48. Nc3 Rxh3 49. Nd5 Rg3 50. Be7 Rxg4 51. Nxf6 Rg1+ 52.
Kb2 h5 53. Bd5 h4 54. Ne8+ Kh6 55. Bxh4 1/2-1/2

[Event "XI Weekend B"]
[Site "Gorgonzola ITA"]
[Date "2006.11.19"]
[Round "5"]
[White "Barrera, Pietro"]
[Black "Olivo, Mario"]
[Result "0-1"]
[WhiteElo "1839"]
[BlackElo "1954"]
[PlyCount "128"]
[EventDate "2006.11.11"]

1. d4 Nf6 2. Nf3 g6 3. c4 d6 4. Nc3 Bg7 5. e4 O-O 6. Be2 Na6 7. O-O c6 8. a3 c5
9. d5 Nc7 10. Ne1 e6 11. Be3 exd5 12. exd5 Re8 13. Qd2 a6 14. Nc2 Bf5 15. Rad1
Qd7 16. b4 b6 17. Rfe1 Re7 18. Bd3 Rae8 19. f3 Bxd3 20. Qxd3 h6 21. bxc5 bxc5
22. Qd2 Kh7 23. Bf2 g5 24. Rxe7 Rxe7 25. Qd3+ Kg8 26. Ne3 Nh5 27. Nf5 Re5 28.
Nxg7 Kxg7 29. Ne2 f5 30. Kf1 g4 31. fxg4 fxg4 32. Rb1 Qf5 33. Qxf5 Rxf5 34. Rb7
Rf7 35. Ke1 Kg6 36. Be3 Re7 37. Kd2 Nxd5 38. Rxe7 Nxe7 39. Nf4+ Nxf4 40. Bxf4
Nf5 41. Kd3 Kf6 42. Ke4 Ke6 43. Bd2 h5 44. Kf4 Kf6 45. Bc3+ Kg6 46. Ke4 Ne7 47.
Bd2 Kf6 48. Bf4 Ke6 49. Be3 Nc6 50. Bd2 Ne5 51. Kf4 Nxc4 52. Bc1 Kf6 53. h3
gxh3 54. gxh3 d5 55. h4 Nd6 56. a4 Nf5 57. Ba3 c4 58. Bb2+ d4 59. Ke4 c3 60.
Bc1 Ng3+ 61. Kd3 Ke5 62. Ba3 Kd5 63. Be7 Ne4 64. Ba3 Nc5+ 0-1

[Event "XI Weekend B"]
[Site "Gorgonzola ITA"]
[Date "2006.11.19"]
[Round "5"]
[White "Bongiorni, Gabriele"]
[Black "Casartelli, Fabio"]
[Result "1-0"]
[WhiteElo "1793"]
[BlackElo "1947"]
[PlyCount "107"]
[EventDate "2006.11.11"]

1. d4 e6 2. g3 Nf6 3. c4 d5 4. Bg2 c6 5. Nf3 Nbd7 6. Bf4 Be7 7. Qc2 Qa5+ 8. Bd2
Qa6 9. c5 Ne4 10. e3 b5 11. O-O O-O 12. Nc3 f5 13. b4 Bf6 14. a4 bxa4 15. Rxa4
Qb7 16. Rb1 a6 17. Bf1 Qc7 18. b5 Nxc3 19. b6 Qb8 20. Bxc3 Bb7 21. Rba1 Qc8 22.
Bd2 e5 23. Qxf5 exd4 24. exd4 Nxc5 25. Qxc8 Raxc8 26. dxc5 Bxa1 27. Bxa6 Bxa6
28. Rxa6 Rxf3 29. Rxa1 d4 30. Bf4 Rxf4 31. gxf4 Kf7 32. Kg2 Ke6 33. Kf3 Kd5 34.
Rc1 Rf8 35. Kg4 Ke4 36. Re1+ Kd3 37. Re6 Kc4 38. Rxc6 Kb5 39. Rc7 d3 40. b7 d2
41. Rd7 Kxc5 42. Rxd2 Kc6 43. f5 Kxb7 44. Rd7+ Kc6 45. Rxg7 h5+ 46. Kg5 Kd6 47.
f4 Kd5 48. Re7 Rg8+ 49. Kh6 Kd6 50. f6 h4 51. Kh7 Rg2 52. Rg7 Rxh2 53. f7 Ke7
54. Kg8 1-0

[Event "XI Weekend B"]
[Site "Gorgonzola ITA"]
[Date "2006.11.19"]
[Round "5"]
[White "Cambieri, Mario"]
[Black "Masotti, Roberto"]
[Result "0-1"]
[WhiteElo "1877"]
[BlackElo "1892"]
[PlyCount "58"]
[EventDate "2006.11.11"]

1. c4 e5 2. Nc3 Nf6 3. g3 h6 4. Bg2 Bb4 5. e4 Bxc3 6. bxc3 O-O 7. d4 exd4 8.
cxd4 Nxe4 9. Ne2 Re8 10. O-O d6 11. Bb2 Bf5 12. Re1 c6 13. Nf4 Nd7 14. Qb3 Qb6
15. Re3 Nd2 16. Rxe8+ Rxe8 17. Qxb6 Nxb6 18. c5 Na4 19. Rd1 Nc4 20. Ba1 d5 21.
Bf1 Bc2 22. Rc1 Na3 23. Nd3 Bb1 24. f3 Re3 25. Nb2 Rc3 26. Re1 Rc2 27. Re2 Rxe2
28. Bxe2 Nc3 29. Kf2 Nxe2 0-1

[Event "XI Weekend B"]
[Site "Gorgonzola ITA"]
[Date "2006.11.19"]
[Round "5"]
[White "Carbone, Lorenzo"]
[Black "Bernago, Federico"]
[Result "1/2-1/2"]
[WhiteElo "1820"]
[BlackElo "1990"]
[PlyCount "32"]
[EventDate "2006.11.11"]

1. e4 d5 2. exd5 Qxd5 3. Nc3 Qd8 4. d4 Nf6 5. Nf3 e6 6. a3 c6 7. Bg5 Be7 8. Qd2
Nbd7 9. Bd3 Nb6 10. O-O-O Nbd5 11. Ne4 b5 12. Nxf6+ Nxf6 13. Ne5 Qb6 14. Qe2 b4
15. a4 Bb7 16. Bc4 Nd5 1/2-1/2

[Event "XI Weekend B"]
[Site "Gorgonzola ITA"]
[Date "2006.11.19"]
[Round "5"]
[White "Cartella, Giovanni"]
[Black "Virzi, Ettore"]
[Result "1/2-1/2"]
[WhiteElo "1851"]
[BlackElo "1967"]
[PlyCount "35"]
[EventDate "2006.11.11"]

1. d4 Nf6 2. Nf3 e6 3. Bg5 d5 4. e3 c5 5. c3 Nbd7 6. Nbd2 Qb6 7. Qc2 Bd6 8. Bd3
O-O 9. Bxf6 Nxf6 10. Ne5 c4 11. Be2 Bxe5 12. dxe5 Nd7 13. Nf3 Qc7 14. Ng5 g6
15. f4 Nxe5 16. fxe5 Qxe5 17. Nf3 Qxe3 18. Qd2 1/2-1/2

[Event "XI Weekend B"]
[Site "Gorgonzola ITA"]
[Date "2006.11.19"]
[Round "5"]
[White "Cervini, Gian Piero"]
[Black "Villalba, Fernando"]
[Result "0-1"]
[WhiteElo "1808"]
[BlackElo "1911"]
[PlyCount "106"]
[EventDate "2006.11.11"]

1. e4 c5 2. c3 d6 3. d4 cxd4 4. cxd4 e6 5. Nc3 Nf6 6. Nf3 Be7 7. Bd3 O-O 8. O-O
Nc6 9. a3 e5 10. d5 Nb8 11. h3 Nbd7 12. Be3 Re8 13. Nh2 Nf8 14. Ne2 Ng6 15. Rc1
Nd7 16. b4 Bg5 17. f4 exf4 18. Nxf4 Nde5 19. Bb1 Nxf4 20. Bxf4 Bxf4 21. Rxf4
Qg5 22. Rf2 Bxh3 23. Nf3 Nxf3+ 24. Qxf3 Qxc1+ 25. Rf1 Qg5 26. Qxh3 g6 27. Bd3
Rac8 28. Rf3 Rc1+ 29. Kf2 h5 30. Qh2 Qe5 31. Qh4 Qd4+ 32. Kg3 Rc3 33. Qf4 Qe5
34. Bb5 Rxf3+ 35. Kxf3 Qxf4+ 36. Kxf4 Re5 37. Bd7 Kg7 38. a4 b6 39. a5 bxa5 40.
bxa5 Kf8 41. a6 Ke7 42. Bc8 Kd8 43. Bb7 Kc7 44. Bc6 g5+ 45. Kf3 f5 46. exf5
Rxf5+ 47. Kg3 Kb6 48. Bb7 Kc5 49. Bc6 Rxd5 50. Be8 Rd3+ 51. Kf2 h4 52. Bh5 Ra3
53. Be2 Ra2 0-1

[Event "XI Weekend B"]
[Site "Gorgonzola ITA"]
[Date "2006.11.19"]
[Round "5"]
[White "Ciciotti, Augusto"]
[Black "Regorda, Vittorio"]
[Result "0-1"]
[WhiteElo "1909"]
[BlackElo "1885"]
[PlyCount "142"]
[EventDate "2006.11.11"]

1. d4 Nf6 2. c4 g6 3. Nc3 Bg7 4. Nf3 O-O 5. e4 d6 6. Be2 e5 7. O-O Qe8 8. d5
Bd7 9. Ne1 a5 10. Nd3 Na6 11. Be3 h6 12. b3 Nh7 13. Qd2 g5 14. a3 f5 15. f3 f4
16. Bf2 Nf6 17. b4 Qh5 18. b5 Nb8 19. c5 g4 20. cxd6 cxd6 21. Nb2 Qg5 22. Nc4
g3 23. hxg3 Nh5 24. g4 Nf6 25. Rfc1 h5 26. g3 hxg4 27. gxf4 exf4 28. Kf1 Qh6
29. Ke1 Qh1+ 30. Bf1 Qxf3 31. Qe2 Qxe2+ 32. Bxe2 g3 33. Bd4 Ne8 34. Bxg7 Kxg7
35. Bf3 Bh3 36. Ke2 Nd7 37. Rh1 Rh8 38. Rac1 Ne5 39. Nxe5 dxe5 40. Na4 Rc8 41.
Nc5 Nd6 42. a4 b6 43. Nd3 Kf6 44. Rc6 Rxc6 45. bxc6 Nf7 46. c7 Bc8 47. Rxh8
Nxh8 48. Bh5 g2 49. Kf2 Bh3 50. Ne1 Nf7 51. Bxf7 Kxf7 52. Nxg2 Ke7 53. Nh4 Kd6
54. Ng6 Bd7 55. Kf3 Kxc7 56. Nxe5 Bxa4 57. Kxf4 Be8 58. Nc4 a4 59. e5 b5 60.
d6+ Kc6 61. Na5+ Kd5 62. Kf5 Bd7+ 63. Kf6 b4 64. Ke7 Bf5 65. Nc4 Kxc4 66. e6 b3
67. d7 b2 68. d8=Q b1=Q 69. Qc7+ Kb3 70. Qc5 Qe4 71. Qd6 Qxe6+ 0-1

[Event "XI Weekend B"]
[Site "Gorgonzola ITA"]
[Date "2006.11.19"]
[Round "5"]
[White "De La Pena, Elmer"]
[Black "Acunzo, Domenico"]
[Result "1-0"]
[WhiteElo "1892"]
[BlackElo "1778"]
[PlyCount "93"]
[EventDate "2006.11.11"]

1. d4 e6 2. c4 f5 3. g3 Nf6 4. Bg2 d5 5. Nf3 c6 6. Nbd2 Bd6 7. O-O O-O 8. Qc2
Nbd7 9. b3 a5 10. Bb2 Ne4 11. Ne5 Nxe5 12. dxe5 Bc5 13. Nf3 f4 14. cxd5 exd5
15. Rad1 Qb6 16. Nd4 fxg3 17. hxg3 Ng5 18. Qd3 a4 19. Kh2 axb3 20. axb3 Ra2 21.
Qb1 Ra8 22. f4 Ne6 23. Nxe6 Bxe6 24. f5 Bc8 25. Rf3 Qb4 26. Bh3 Qe4 27. Qd3
Qxd3 28. exd3 Ra2 29. Rd2 Bd4 30. Bc3 Rxd2+ 31. Bxd2 Bxe5 32. Bb4 Re8 33. Re3
Kf7 34. Bg4 Bd4 35. Bh5+ g6 36. fxg6+ hxg6 37. Bxg6+ Kxg6 38. Rxe8 Bf5 39. Re1
b6 40. Bd6 Kf6 41. Bc7 c5 42. Bxb6 Bxd3 43. b4 Be4 44. bxc5 Ke6 45. g4 Be5+ 46.
Kh3 Kd7 47. g5 {...} 1-0

[Event "XI Weekend B"]
[Site "Gorgonzola ITA"]
[Date "2006.11.19"]
[Round "5"]
[White "Eynard, Valdo"]
[Black "Bisignano, Giuseppe"]
[Result "1/2-1/2"]
[WhiteElo "1986"]
[BlackElo "1921"]
[PlyCount "95"]
[EventDate "2006.11.11"]

1. e4 e5 2. Nf3 Nc6 3. Bb5 a6 4. Bxc6 dxc6 5. O-O f6 6. d4 exd4 7. Qxd4 Bg4 8.
Be3 Bxf3 9. gxf3 Qxd4 10. Bxd4 O-O-O 11. Be3 Ne7 12. Nd2 g5 13. Nb3 f5 14. Kh1
f4 15. Bc5 Ng6 16. Rad1 Bxc5 17. Nxc5 Nh4 18. Ne6 Rxd1 19. Rxd1 Nxf3 20. Rd3
Ne5 21. Rh3 g4 22. Rh5 Ng6 23. Rf5 Re8 24. Nxf4 Rxe4 25. Nxg6 hxg6 26. Rc5 Kd7
27. Kg2 Re2 28. Kf1 Rd2 29. Ke1 Rd5 30. Rc4 Ke6 31. Rxg4 Re5+ 32. Kd2 Kf5 33.
f3 b5 34. h4 Re7 35. Rd4 c5 36. Rd5+ Kf4 37. Rxc5 Kxf3 38. Rc6 Rd7+ 39. Kc3 Rd6
40. Rxc7 Kg4 41. a4 Kxh4 42. axb5 axb5 43. Kb4 Rd5 44. c4 bxc4 45. Kxc4 Rd2 46.
Rh7+ Kg4 47. b4 g5 48. b5 1/2-1/2

[Event "XI Weekend B"]
[Site "Gorgonzola ITA"]
[Date "2006.11.19"]
[Round "5"]
[White "Fiorili, Roberto"]
[Black "Rossi, Giampiero"]
[Result "0-1"]
[WhiteElo "1942"]
[BlackElo "1976"]
[PlyCount "154"]
[EventDate "2006.11.11"]

1. e4 c5 2. Nf3 e6 3. d4 cxd4 4. Nxd4 a6 5. Nc3 Qc7 6. Be2 Nf6 7. Bf3 Nc6 8.
O-O Ne5 9. Bf4 d6 10. Bg3 Be7 11. a4 O-O 12. Be2 Bd7 13. f4 Nc4 14. Bxc4 Qxc4
15. Qd3 Rfc8 16. Nde2 Rc7 17. a5 Rac8 18. Rfd1 Qxd3 19. cxd3 Bc6 20. Bf2 Rd7
21. h3 d5 22. e5 Ne8 23. Nd4 g6 24. Rab1 Bc5 25. Nxc6 Bxf2+ 26. Kxf2 Rxc6 27.
d4 Rc4 28. Ke3 Nc7 29. Ne2 Nb5 30. b3 Rc6 31. Rdc1 Rdc7 32. Rxc6 Rxc6 33. Kd3
Kf8 34. Rc1 Na7 35. Rxc6 Nxc6 36. Nc3 Nxa5 37. b4 Nc4 38. g4 Ke7 39. f5 gxf5
40. gxf5 Kd7 41. f6 Kc6 42. h4 b5 43. Ne2 a5 44. bxa5 Nxa5 45. Nf4 Kd7 46. Kc3
Nc6 47. Ne2 Ke8 48. h5 Kd7 49. h6 Ke8 50. Kb3 Na5+ 51. Kb4 Nc4 52. Kxb5 Ne3 53.
Nf4 Nf5 54. Kc5 Nxh6 55. Nh3 Nf5 56. Nf4 h6 57. Nh5 Kf8 58. Nf4 Kg8 59. Nh5 Kh7
60. Nf4 Ng3 61. Kd6 Ne4+ 62. Ke7 Kg8 63. Nh5 Ng5 64. Nf4 h5 65. Nxh5 Nf3 66.
Kd6 Nxd4 67. Nf4 Nf5+ 68. Kc5 d4 69. Kc4 Kh7 70. Kd3 Kh6 71. Ke4 Kh7 72. Kd3
Kg8 73. Ke4 Kf8 74. Nh5 Ke8 75. Ng7+ Kd7 76. Nxf5 exf5+ 77. Kxd4 Ke6 0-1

[Event "XI Weekend B"]
[Site "Gorgonzola ITA"]
[Date "2006.11.19"]
[Round "5"]
[White "Lanni, Vincenzo"]
[Black "Bettini, Massimo"]
[Result "1/2-1/2"]
[WhiteElo "1784"]
[BlackElo "1860"]
[PlyCount "114"]
[EventDate "2006.11.11"]

1. d4 Nf6 2. g3 g6 3. Bg2 Bg7 4. Nf3 O-O 5. O-O d6 6. Nbd2 Nbd7 7. c3 Rb8 8.
Qc2 b6 9. e4 Bb7 10. Re1 c5 11. e5 Ng4 12. h3 Nh6 13. e6 Nf6 14. exf7+ Nxf7 15.
dxc5 bxc5 16. Nc4 Qd7 17. Be3 Bd5 18. Ncd2 Qb7 19. Rab1 Ne5 20. Nh4 Bxg2 21.
Nxg2 Qd5 22. Nf4 Qxa2 23. c4 Rb7 24. Bxc5 dxc5 25. Rxe5 Nh5 26. Re3 Nxf4 27.
Ra3 Rxb2 28. Rxa2 Rxc2 29. Rxc2 Nxh3+ 30. Kg2 Nxf2 31. Nf3 Ng4 32. Re2 Re8 33.
Rb5 Bd4 34. Nxd4 cxd4 35. c5 Ne3+ 36. Kf3 Kf7 37. Ke4 Nf5 38. Rf2 Ke6 39. g4
Ne3 40. g5 Nf5 41. Rh2 Kd7 42. Rxh7 Kc6 43. Ra5 Rb8 44. Rh3 Rb5 45. Rxa7 Kxc5
46. Rh2 Rb3 47. Ra5+ Rb5 48. Rxb5+ Kxb5 49. Rh8 Kc4 50. Rc8+ Kb3 51. Rc6 e5 52.
Rxg6 Ng3+ 53. Kxe5 d3 54. Rd6 Kc2 55. g6 Nh5 56. Kf5 d2 57. Rxd2+ Kxd2 1/2-1/2

[Event "XI Weekend B"]
[Site "Gorgonzola ITA"]
[Date "2006.11.19"]
[Round "5"]
[White "Milanesi, Erminio"]
[Black "Crippa, Mario"]
[Result "0-1"]
[WhiteElo "1879"]
[BlackElo "1895"]
[PlyCount "88"]
[EventDate "2006.11.11"]

1. e4 c5 2. d3 d6 3. g3 g6 4. Nh3 Bg7 5. c3 Nc6 6. f3 e5 7. Nf2 Nge7 8. Bg2 O-O
9. O-O f5 10. Qb3+ Kh8 11. exf5 gxf5 12. f4 Ng6 13. Nh3 h6 14. Na3 Qe7 15. Qd1
Qf6 16. Nb5 Nge7 17. Qh5 Bd7 18. Nc7 Rac8 19. fxe5 dxe5 20. Nd5 Nxd5 21. Bxd5
Be8 22. Qe2 Qd6 23. Bg2 b5 24. Be3 b4 25. Rad1 a5 26. Qf2 Ne7 27. c4 Bg6 28. b3
Kh7 29. Rfe1 Bh5 30. Rd2 Ng6 31. Rf1 Bg4 32. Qe1 f4 33. gxf4 exf4 34. Nxf4 Nxf4
35. Be4+ Kh8 36. Qh4 Ne2+ 37. Kg2 Rxf1 38. Kxf1 Rf8+ 39. Ke1 Qe5 40. Qxg4 Nd4
41. Bxd4 Qxd4 42. Qg6 Qa1+ 43. Rd1 Bc3+ 44. Ke2 Qb2+ 0-1

[Event "XI Weekend B"]
[Site "Gorgonzola ITA"]
[Date "2006.11.19"]
[Round "5"]
[White "Murli, Almerico"]
[Black "Marino, Marco"]
[Result "0-1"]
[WhiteElo "1889"]
[BlackElo "1863"]
[PlyCount "104"]
[EventDate "2006.11.11"]

1. e4 d5 2. exd5 Qxd5 3. Nc3 Qa5 4. d4 Nf6 5. Nf3 c6 6. Bc4 Bf5 7. Bd2 e6 8.
O-O Bb4 9. a3 Bxc3 10. Bxc3 Qc7 11. Bd3 Bxd3 12. Qxd3 Nbd7 13. b4 O-O 14. Rad1
Rfd8 15. Qe2 Nd5 16. Bb2 b5 17. c4 Nf4 18. Qc2 Rac8 19. Rfe1 Nb6 20. Ne5 Ng6
21. c5 Nd5 22. Bc1 Nxe5 23. dxe5 a5 24. Bd2 axb4 25. axb4 Ra8 26. f4 Ra4 27.
Rb1 Rda8 28. Qd3 Ra3 29. Rb3 Ra2 30. Reb1 R8a4 31. R1b2 Qa7 32. Rxa2 Rxa2 33.
Rb1 Qa4 34. g3 h6 35. Be1 Rc2 36. Qb3 Qa2 37. Qxa2 Rxa2 38. h4 h5 39. Kh1 Kh7
40. Kg1 Kg6 41. Rd1 Kf5 42. Bf2 Kg4 43. Rd3 g6 44. Be1 Kf5 45. Rd4 Rc2 46. Bd2
Rc4 47. Rxc4 bxc4 48. b5 cxb5 49. c6 Ke4 50. Ba5 Kd3 51. Kf2 c3 52. Bxc3 Kxc3
0-1

[Event "XI Weekend B"]
[Site "Gorgonzola ITA"]
[Date "2006.11.19"]
[Round "5"]
[White "Oteri, Aldo"]
[Black "Scarpellini, Felice"]
[Result "1-0"]
[WhiteElo "1954"]
[BlackElo "1887"]
[PlyCount "87"]
[EventDate "2006.11.11"]

1. e4 d6 2. d4 g6 3. f4 Bg7 4. Be2 a6 5. Nf3 b5 6. O-O Bb7 7. Nbd2 Nd7 8. c4 c6
9. e5 bxc4 10. exd6 exd6 11. Nxc4 Nb6 12. Qb3 Nxc4 13. Bxc4 d5 14. Qxb7 dxc4
15. Qxc6+ Kf8 16. Qxc4 Ne7 17. b3 Nf5 18. Ne5 Qxd4+ 19. Qxd4 Nxd4 20. Bb2 Nf5
21. Rac1 h5 22. Rc7 Nh6 23. Nxg6+ Kg8 24. Bxg7 Kxg7 25. Nxh8 Kxh8 26. f5 f6 27.
h3 Kg8 28. Rf4 Rd8 29. Ra7 Rd6 30. Rc4 Rd8 31. g4 hxg4 32. hxg4 Nf7 33. Rcc7
Ng5 34. Rxa6 Ne4 35. Kg2 Rd2+ 36. Kf3 Ng5+ 37. Ke3 Rd8 38. Rxf6 Re8+ 39. Kf4
Nh3+ 40. Kg3 Re3+ 41. Kh4 Nf2 42. Re6 Rh3+ 43. Kg5 Kf8 44. Kg6 1-0

[Event "XI Weekend B"]
[Site "Gorgonzola ITA"]
[Date "2006.11.19"]
[Round "5"]
[White "Pulcini, Giorgio"]
[Black "Savarese, Vincenzo"]
[Result "0-1"]
[WhiteElo "1762"]
[BlackElo "1865"]
[PlyCount "150"]
[EventDate "2006.11.11"]

1. e4 d5 2. exd5 Qxd5 3. Nc3 Qd6 4. Bc4 Nf6 5. d3 Bg4 6. f3 Bh5 7. Nb5 Qd8 8.
Bf4 Na6 9. Be3 c5 10. Nc3 e6 11. Nge2 Bd6 12. Bg5 h6 13. Bb5+ Kf8 14. Bxa6 bxa6
15. Bh4 Rb8 16. Rb1 Qc7 17. Bxf6 gxf6 18. Ne4 Be5 19. Qc1 f5 20. N4g3 Bg6 21.
f4 Bf6 22. O-O h5 23. Rf2 h4 24. Nf1 h3 25. g3 Bh5 26. c3 Rg8 27. Qe3 Bxe2 28.
Qxe2 Bxc3 29. Rf3 Qc6 30. b3 a5 31. a4 Qd5 32. Qd1 Ke7 33. Kf2 Bd4+ 34. Ke2 Rb4
35. Nd2 e5 36. fxe5 Qxe5+ 37. Kf1 f4 38. Rxf4 Qxf4+ 39. gxf4 Rg1+ 40. Ke2 Rxd1
41. Kxd1 Be3 42. Nc4 Bxf4 43. Nxa5 Rb6 44. Rb2 Rg6 45. Re2+ Kd7 46. Re1 Bxh2
47. Ke2 Bb8 48. Nb7 h2 49. Nxc5+ Kc8 50. Ne4 Rg1 51. Nf2 Rxe1+ 52. Kxe1 Bg3 53.
Kf1 Bxf2 54. Kg2 Bg3 55. b4 Kb7 56. d4 Bd6 57. d5 f5 58. Kh1 Bxb4 59. Kxh2 Bd6+
60. Kg2 Ka6 61. Kf3 Ka5 62. Ke3 Kxa4 63. Kd4 a5 64. Kc4 f4 65. Kc3 f3 66. Kd3
Kb3 67. Ke3 a4 68. Kxf3 a3 69. Ke4 a2 70. Kf5 a1=Q 71. Ke6 Qe5+ 72. Kd7 Qxd5
73. Ke8 Qb7 74. Kd8 Kc4 75. Ke8 Qe7# 0-1

[Event "XI Weekend B"]
[Site "Gorgonzola ITA"]
[Date "2006.11.19"]
[Round "5"]
[White "Riboldi, Raffaele"]
[Black "Primerano, Carlo"]
[Result "1/2-1/2"]
[WhiteElo "1927"]
[BlackElo "1758"]
[PlyCount "109"]
[EventDate "2006.11.11"]

1. d4 d5 2. c4 e6 3. Nc3 c6 4. cxd5 cxd5 5. Nf3 Nf6 6. Bf4 Nc6 7. e3 a6 8. Bd3
Be7 9. O-O b5 10. Rc1 O-O 11. Nxb5 axb5 12. Rxc6 Bd7 13. Rc7 Rxa2 14. Qb3 Qa8
15. Ne5 Rd8 16. Nxd7 Rxd7 17. Rxd7 Nxd7 18. Qxb5 Nf6 19. h3 Nh5 20. Bc7 g6 21.
Kh2 Nf6 22. Rc1 Ne8 23. Qd7 Kf8 24. Bf4 Ra7 25. Bh6+ Kg8 26. Qc8 Bf8 27. Bf4
Kg7 28. Qxa8 Rxa8 29. Rc6 Ra1 30. Rb6 Rd1 31. Bb5 Nf6 32. Be5 Be7 33. g4 g5 34.
Rb7 Kf8 35. Kg2 Rd2 36. b4 Rb2 37. Bd3 h6 38. b5 Rb3 39. Bf1 Ne8 40. Rb8 f6 41.
Bg3 Kf7 42. b6 Nd6 43. Bxd6 Bxd6 44. Rb7+ Be7 45. Ba6 Ke8 46. Rb8+ Bd8 47. b7
Kd7 48. Ra8 Bc7 49. Rh8 Rb6 50. Be2 Rxb7 51. Rxh6 Bd8 52. Rh7+ Kc6 53. Rh8 Be7
54. Rc8+ Kd6 55. Kg3 1/2-1/2

[Event "XI Weekend B"]
[Site "Gorgonzola ITA"]
[Date "2006.11.19"]
[Round "5"]
[White "Saccani, Ettore"]
[Black "Santandrea, Marco"]
[Result "1/2-1/2"]
[WhiteElo "1917"]
[BlackElo "1829"]
[PlyCount "30"]
[EventDate "2006.11.11"]

1. e4 c6 2. d4 d5 3. Nc3 dxe4 4. Nxe4 Nf6 5. Ng3 e5 6. Bg5 exd4 7. Qd2 Be7 8.
Bd3 O-O 9. N1e2 c5 10. h3 Be6 11. Nf5 Bxf5 12. Bxf5 Ne4 13. Bxe4 Bxg5 14. f4
Bh4+ 15. g3 Nd7 1/2-1/2

[Event "XI Weekend B"]
[Site "Gorgonzola ITA"]
[Date "2006.11.19"]
[Round "6"]
[White "Barrera, Pietro"]
[Black "Bongiorni, Gabriele"]
[Result "1-0"]
[WhiteElo "1839"]
[BlackElo "1793"]
[PlyCount "131"]
[EventDate "2006.11.11"]

1. d4 Nf6 2. Nf3 g6 3. c4 Bg7 4. Nc3 d6 5. e4 O-O 6. Be2 e5 7. O-O exd4 8. Nxd4
Re8 9. f3 Nc6 10. Nxc6 bxc6 11. Bg5 h6 12. Bh4 g5 13. Bf2 Qe7 14. Re1 Nh5 15.
Bd4 Bb7 16. Bxg7 Nxg7 17. Qd2 Qe5 18. Bf1 Ne6 19. Rad1 a5 20. b3 Rad8 21. Na4
Ra8 22. Qc3 Nc5 23. Qxe5 Rxe5 24. Nxc5 Rxc5 25. Re3 Re5 26. Rc3 c5 27. Rb1 Bc6
28. a3 Rb8 29. Bd3 g4 30. Kf2 gxf3 31. gxf3 Rh5 32. Rh1 Kh8 33. h4 Re5 34. Bc2
Rg8 35. Rh3 Re6 36. Rg3 Rxg3 37. Kxg3 Rg6+ 38. Kf2 Rf6 39. h5 Kg7 40. Kg3 Re6
41. Re3 Re8 42. f4 Kf6 43. Kf3 Bd7 44. Bd1 Bc6 45. Bc2 Rg8 46. Re2 Bd7 47. e5+
dxe5 48. Rxe5 Bg4+ 49. Ke3 Rd8 50. Rxc5 Re8+ 51. Be4 Bd1 52. b4 axb4 53. axb4
Re7 54. Rf5+ Kg7 55. b5 f6 56. Kd4 Bg4 57. Rd5 Be6 58. Rd8 f5 59. Bd5 Bd7 60.
Rg8+ Kh7 61. Rg3 Be8 62. Re3 Rxe3 63. Kxe3 Bxh5 64. c5 Be8 65. b6 cxb6 66. cxb6
1-0

[Event "XI Weekend B"]
[Site "Gorgonzola ITA"]
[Date "2006.11.19"]
[Round "6"]
[White "Carbone, Lorenzo"]
[Black "Ciciotti, Augusto"]
[Result "1-0"]
[WhiteElo "1820"]
[BlackElo "1909"]
[PlyCount "37"]
[EventDate "2006.11.11"]

1. e4 c5 2. Nf3 Nc6 3. d4 cxd4 4. Nxd4 g6 5. Be2 Bg7 6. Be3 Nf6 7. Nc3 O-O 8.
O-O d5 9. exd5 Nxd5 10. Nxc6 bxc6 11. Nxd5 cxd5 12. c3 Qa5 13. f4 Rb8 14. Qd2
Rxb2 15. Qxb2 Bxc3 16. Qc2 Bf5 17. Bd3 Bxd3 18. Qxd3 Bxa1 19. Rxa1 1-0

[Event "XI Weekend B"]
[Site "Gorgonzola ITA"]
[Date "2006.11.19"]
[Round "6"]
[White "Cervini, Gian Piero"]
[Black "Murli, Almerico"]
[Result "0-1"]
[WhiteElo "1808"]
[BlackElo "1889"]
[PlyCount "62"]
[EventDate "2006.11.11"]

1. e4 g6 2. d4 Bg7 3. Be3 c6 4. c4 d6 5. Nc3 Nf6 6. Qd2 Nbd7 7. f3 O-O 8. Nge2
e5 9. d5 cxd5 10. cxd5 a6 11. Nc1 b5 12. Nd3 Bb7 13. Be2 Nb6 14. Nb4 Rc8 15. a4
Nc4 16. Bxc4 Rxc4 17. Nc6 Bxc6 18. dxc6 bxa4 19. Rxa4 Rxc6 20. O-O Qd7 21. Rfa1
Qb7 22. Na2 Rb8 23. Nb4 Rc4 24. Nxa6 Rxa4 25. Rxa4 Ra8 26. Qxd6 Qxb2 27. Qc6
Rd8 28. h4 Nh5 29. Rc4 Qe2 30. Bg5 Qe1+ 31. Kh2 Qg3+ 0-1

[Event "XI Weekend B"]
[Site "Gorgonzola ITA"]
[Date "2006.11.19"]
[Round "6"]
[White "Conti, Walter"]
[Black "Casartelli, Fabio"]
[Result "1-0"]
[WhiteElo "1806"]
[BlackElo "1947"]
[PlyCount "81"]
[EventDate "2006.11.11"]

1. d4 b6 2. Bf4 Nf6 3. e3 e6 4. Nd2 Bb7 5. Ngf3 c5 6. Bd3 d5 7. c3 Nbd7 8. O-O
Be7 9. h3 O-O 10. Qe2 Ne4 11. Rfd1 f5 12. Bb5 Ndf6 13. Nxe4 Nxe4 14. Ne5 a6 15.
Bc6 Qc8 16. Bd7 Qd8 17. Bxe6+ Kh8 18. Qh5 Qe8 19. Qxe8 Raxe8 20. Nf7+ Rxf7 21.
Bxf7 Rf8 22. Bh5 g6 23. Be2 g5 24. Bc7 f4 25. exf4 gxf4 26. Bg4 Kg7 27. f3 Ng3
28. Re1 Bh4 29. Re6 h5 30. Rxb6 hxg4 31. Rxb7 Ne2+ 32. Kf1 Ng3+ 33. Ke1 Kg6 34.
Kd2 cxd4 35. cxd4 Nf5 36. Be5 Ne3 37. b3 Nxg2 38. hxg4 Bf6 39. Rb6 Nh4 40. Ke2
Rc8 41. Bxf6 1-0

[Event "XI Weekend B"]
[Site "Gorgonzola ITA"]
[Date "2006.11.19"]
[Round "6"]
[White "Crippa, Mario"]
[Black "Santandrea, Marco"]
[Result "1/2-1/2"]
[WhiteElo "1895"]
[BlackElo "1829"]
[PlyCount "80"]
[EventDate "2006.11.11"]

1. e4 c6 2. d4 d5 3. exd5 cxd5 4. c4 Nf6 5. Nc3 e6 6. Bg5 Be7 7. Nf3 O-O 8. Bd3
Nc6 9. O-O Nb4 10. Rc1 Bd7 11. cxd5 Nbxd5 12. Re1 Rc8 13. Ne5 h6 14. Bd2 Bc6
15. Qe2 Nb4 16. Nxc6 Nxc6 17. d5 Nxd5 18. Nxd5 Qxd5 19. Bc4 Qf5 20. g4 Qf6 21.
Bc3 Nd4 22. Bxd4 Qxd4 23. Red1 Qb6 24. h3 Rcd8 25. b3 Rxd1+ 26. Rxd1 Rd8 27.
Kg2 Bh4 28. Rxd8+ Qxd8 29. f4 Qd4 30. f5 e5 31. Bd3 Qf4 32. Qf3 Qxf3+ 33. Kxf3
a5 34. a4 f6 35. Ke4 Kf7 36. Kd5 Ke7 37. Be4 Bf2 38. Kc4 b6 39. Kd5 Be3 40. Bd3
Bf2 1/2-1/2